Management Careers Made in Germany Studying at Private German Universities Pays Off /

This book reveals how to provide the leaders of tomorrow with the right education for a management career Made in Germany. It explains how private universities in Germany are helping to maintain the country's respected educational standards, while also enriching them with exemplary services for...

Πλήρης περιγραφή

Λεπτομέρειες βιβλιογραφικής εγγραφής
Κύριοι συγγραφείς: Hansen, Alexander P. (Συγγραφέας, http://id.loc.gov/vocabulary/relators/aut), Doll, Annette (http://id.loc.gov/vocabulary/relators/aut), Varma, Ajit (http://id.loc.gov/vocabulary/relators/aut)
Συγγραφή απο Οργανισμό/Αρχή: SpringerLink (Online service)
Μορφή: Ηλεκτρονική πηγή Ηλ. βιβλίο
Γλώσσα:English
Έκδοση: Singapore : Springer Singapore : Imprint: Palgrave Macmillan, 2019.
Έκδοση:1st ed. 2019.
Θέματα:
Διαθέσιμο Online:Full Text via HEAL-Link
LEADER 03599nam a2200529 4500
001 978-981-13-7135-6
003 DE-He213
005 20191220130326.0
007 cr nn 008mamaa
008 190706s2019 si | s |||| 0|eng d
020 |a 9789811371356  |9 978-981-13-7135-6 
024 7 |a 10.1007/978-981-13-7135-6  |2 doi 
040 |d GrThAP 
050 4 |a HF5386 
072 7 |a KC  |2 bicssc 
072 7 |a BUS012000  |2 bisacsh 
072 7 |a KC  |2 thema 
082 0 4 |a 650.1  |2 23 
100 1 |a Hansen, Alexander P.  |e author.  |4 aut  |4 http://id.loc.gov/vocabulary/relators/aut 
245 1 0 |a Management Careers Made in Germany  |h [electronic resource] :  |b Studying at Private German Universities Pays Off /  |c by Alexander P. Hansen, Annette Doll, Ajit Varma. 
250 |a 1st ed. 2019. 
264 1 |a Singapore :  |b Springer Singapore :  |b Imprint: Palgrave Macmillan,  |c 2019. 
300 |a XXI, 208 p. 29 illus., 21 illus. in color.  |b online resource. 
336 |a text  |b txt  |2 rdacontent 
337 |a computer  |b c  |2 rdamedia 
338 |a online resource  |b cr  |2 rdacarrier 
347 |a text file  |b PDF  |2 rda 
505 0 |a Chapter 1: Private German Universities -- Chapter 2: Student Life in Germany -- Chapter 3: Premium Education at Private German Universities -- Chapter 4: Subjects for Successful Careers -- Chapter 5: Private German Universities Unlock your Earning Potential -- Chapter 6: Setting Goals and Organizing your Studies is Your Key to Success.p Chapter 7: Preparing Global Leaders for Tomorrow. 
520 |a This book reveals how to provide the leaders of tomorrow with the right education for a management career Made in Germany. It explains how private universities in Germany are helping to maintain the country's respected educational standards, while also enriching them with exemplary services for international students. The book is intended as a practical guide, addressing any concerns students may have when considering studying at a private German university: admissions, visa, teaching quality and formats, tuition, degrees, subjects, housing, food, security, industry connections, and international job placement and leadership. It provides concrete strategies on how students can unlock their personal earning potential and how to find a top job at a national or multinational company. The authors demonstrate that a German university degree will generate rapid return on investment. Real-life success stories show how a degree from a private German university can pave the way for international professional success. 
650 0 |a Success in business. 
650 0 |a Careers. 
650 0 |a International education . 
650 0 |a Comparative education. 
650 0 |a German language. 
650 1 4 |a Careers in Business and Management.  |0 http://scigraph.springernature.com/things/product-market-codes/517020 
650 2 4 |a International and Comparative Education.  |0 http://scigraph.springernature.com/things/product-market-codes/O13000 
650 2 4 |a German.  |0 http://scigraph.springernature.com/things/product-market-codes/N23010 
700 1 |a Doll, Annette.  |e author.  |4 aut  |4 http://id.loc.gov/vocabulary/relators/aut 
700 1 |a Varma, Ajit.  |e author.  |4 aut  |4 http://id.loc.gov/vocabulary/relators/aut 
710 2 |a SpringerLink (Online service) 
773 0 |t Springer eBooks 
776 0 8 |i Printed edition:  |z 9789811371349 
776 0 8 |i Printed edition:  |z 9789811371363 
776 0 8 |i Printed edition:  |z 9789811371370 
856 4 0 |u https://doi.org/10.1007/978-981-13-7135-6  |z Full Text via HEAL-Link 
912 |a ZDB-2-BUM 
950 |a Business and Management (Springer-41169)